000 00944nam a2200265 u 4500
001
003 DO-SdBNP
005 20211228073821.0
008 090702s1992 dr ac 000 0 spa d
040 _aDO-SdBNP
_bspa
_cBPMSU
082 _a917.293
_bB171g, 1992
_222
100 1 _a Balaguer, Joaquín,
_d1906-2002
_92
245 1 0 _aGuía emocional de la ciudad romantica /
_cJoaquín Balaguer.
250 _a4a ed.
260 _aTokio :
_bSoka Gakkai internacional,
_c1992.
300 _a235 p. :
_bil., retrs ;
_c28 cm.
500 _aIncluye índice de ilustraciones
500 _aIncluye referencias bibliográficas y notas al pie de las páginas
590 _6Inventariado, 2021/VM
650 4 _aMonumentos históricos
_zSanto Domingo (República Dominicana)
650 4 _aCiudades y pueblos
_zRepública Dominicana
651 4 _aSanto Domingo (República Dominicana)
_xDescripciones y viajes
910 _aVMateo V.
942 _2ddc
_cBK
999 _c13926
_d13926